Learning Resource and Development

Preservation of library collections (Record no. 2784)

MARC details
000 -LEADER
fixed length control field 00822nam a22002297a 4500
005 - DATE AND TIME OF LATEST TRANSACTION
control field 20230512221621.0
008 - FIXED-LENGTH DATA ELEMENTS--GENERAL INFORMATION
fixed length control field 180315t xxu||||| |||| 00| 0 eng d
020 ## - INTERNATIONAL STANDARD BOOK NUMBER
International Standard Book Number 9789350563830
040 ## - CATALOGING SOURCE
Transcribing agency CSPC
082 0# - DEWEY DECIMAL CLASSIFICATION NUMBER
Classification number 025.84
Item number P884p
100 ## - MAIN ENTRY--PERSONAL NAME
Personal name Prajapati, Bhagwatiben Govindbhai
Relator term author.
245 00 - TITLE STATEMENT
Title Preservation of library collections
Statement of responsibility, etc. Bhagwatiben Govindbhai Prajapati
260 ## - PUBLICATION, DISTRIBUTION, ETC.
Place of publication, distribution, etc. New Delhi :
Name of publisher, distributor, etc. Discovery Publishing House.
Date of publication, distribution, etc. 2013.
300 ## - PHYSICAL DESCRIPTION
Extent 302 pages :
Other physical details images, figures ;
Dimensions 24 cm.
500 ## - GENERAL NOTE
General note Includes Index.
650 10 - SUBJECT ADDED ENTRY--TOPICAL TERM
Topical term or geographic name entry element Books
General subdivision Conservation and restoration.
650 10 - SUBJECT ADDED ENTRY--TOPICAL TERM
Topical term or geographic name entry element Library materials
General subdivision Conservation and restoration.
940 ## - EQUIVALENCE OR CROSS-REFERENCE--UNIFORM TITLE [OBSOLETE] [CAN/MARC only]
Uniform title <a href="Mar">Mar</a>
942 ## - ADDED ENTRY ELEMENTS (KOHA)
Koha item type
-- CIR 025.84 P884p 2013
Holdings
Withdrawn status Lost status Damaged status Not for loan Home library Current library Shelving location Date acquired Total Checkouts Full call number Barcode Date last seen Copy number Price effective from Koha item type Date last checked out
        Main Library Main Library Circulation Section 05/12/2023   CIR 025.84 P884p 2013 018350 05/12/2023 1-6 05/12/2023 Books  
        Main Library Main Library Circulation Section 05/12/2023   CIR 025.84 P884p 2013 018349 05/12/2023 2-6 05/12/2023 Books  
        Main Library Main Library Circulation Section 05/12/2023   CIR 025.84 P884p 2013 018451 05/12/2023 3-6 05/12/2023 Books  
        Main Library Main Library Circulation Section 05/12/2023 2 CIR 025.84 P884p 2013 018448 10/14/2024 5-6 05/12/2023 Books 10/14/2024
        Main Library Main Library Circulation Section 05/12/2023 1 CIR 025.84 P884p 2013 018449 10/14/2024 6-6 05/12/2023 Books 10/14/2024
        Main Library Main Library Circulation Section 05/12/2023 1 CIR 025.84 P884p 2013 018450 10/14/2024 4-6 05/12/2023 Books 10/14/2024